Different Types of Cats - Statistics

General Stats
  • This quiz has been taken 240 times
  • The average score is 6 of 16
Answer Stats
Picture Answer % Correct
Siamese
84%
Persian
63%
Maine Coon
59%
Sphynx
58%
Ragdoll
55%
Russian Blue
54%
Scottish Fold
47%
British Shorthair
40%
Bengal
32%
Burmese
32%
American Shorthair
29%
Himalayan
21%
Norwegian Forest
21%
Abyssinian
19%
Birman
18%
Tonkinese
11%
No matching quizzes found
Score Distribution
Percent of People with Each Score
Percentile by Number Answered
Your Score History
You have not taken this quiz